| 000 | 00359nam a2200145Ia 4500 | ||
|---|---|---|---|
| 008 | 230917s9999||||xx |||||||||||||| ||und|| | ||
| 040 |
_e198696 _aMAIN |
||
| 041 | _aEnglish | ||
| 082 | _a658.4 J596F | ||
| 100 | _aJohal, Parminder, {et-at} | ||
| 245 | 0 | _aFinancial accounting | |
| 260 |
_aLondon _bHodder Education _c2011 |
||
| 300 | _a262 p. | ||
| 942 | _cBK | ||
| 999 |
_c164622 _d164622 |
||